| 000 | 00445nam a2200181 a 4500 | ||
|---|---|---|---|
| 001 | 922 | ||
| 003 | CO-ViMGA | ||
| 008 | 141112s2004 ck r 000 u spa d | ||
| 040 |
_aCO-ViMGA _bspa _cCO-ViMGA |
||
| 082 | 0 | 4 | _a914.652 V437 |
| 100 | 1 |
_aViers, Georges _948896 |
|
| 245 | 1 | 0 | _aLos pirineos |
| 260 |
_aBarcelona : _bOikos - tau, _c1973 |
||
| 300 | _a123 p | ||
| 490 | _aQue se?, 100 | ||
| 650 | 1 | 4 |
_aPIRINEOS(MONTES) _92791 |
| 942 |
_2ddc _cBK |
||
| 999 |
_c13149 _d13149 |
||